000 00368nam a2200145Ia 4500
008 230917s9999||||xx |||||||||||||| ||und||
040 _e41635
_aMAIN
041 _aEnglish
082 _a909.097671 A51I
100 _aAhmad, Khurshid
245 0 _aIslam: Its meaning and message
260 _aNew Delhi
_bAmbika Publications
_c1977
300 _a279 p.
942 _cBK
999 _c222179
_d222179